Kingdoms of the Yoruba
Αποθηκεύτηκε σε:
| Κύριος συγγραφέας: | |
|---|---|
| Μορφή: | Βιβλίο |
| Γλώσσα: | English |
| Δημοσίευση: |
London :
Methuen,
1976
|
| Σειρά: | Studies in African history ;
; 2 |
| Θέματα: | |
| Ετικέτες: |
Προσθήκη ετικέτας
Δεν υπάρχουν, Καταχωρήστε ετικέτα πρώτοι!
|
MARC
| LEADER | 00000cam a2200000 i 4500 | ||
|---|---|---|---|
| 001 | 1/27039 | ||
| 008 | 060328s1976 eng d | ||
| 020 | |a 0-416-84720-X | ||
| 035 | |l 10083310 | ||
| 040 | |a GR-MY-UA |b gre |e aacr | ||
| 041 | 0 | |a eng | |
| 082 | 0 | |a 966.9 |2 (22) | |
| 100 | 0 | |a Smith, Robert Sydney. | |
| 245 | 1 | 0 | |a Kingdoms of the Yoruba / |c Robert Smith |
| 260 | |a London : |b Methuen, |c 1976 | ||
| 300 | |a xvi, 266 σ.; |b χάρτ.; |c 19 εκ. | ||
| 490 | 1 | |a Studies in African history |v ; 2 | |
| 504 | |a Περιέχει βιβλιογραφία (σ. [245]-256) και βιβλιογραφία | ||
| 650 | 0 | 0 | |a Yoruba (African people) |
| 830 | 0 | |a Studies in African history ; |v ; 2 | |
| 852 | |a INST |b LESVOS |e 20060328 |h 966.9 SMI |p 005100034798 |q 005100034798 |t BK |y 0 | ||
| 901 | |a BIBL1-2006-1 | ||
| 909 | |a Λ |b 126194 | ||
| 970 | |a ΚΑΡΑ |b ΓΙΑΣΕΜΗ |z 2006/03/28 | ||